| 000 | 00636nam a22001337a 4500 | ||
|---|---|---|---|
| 040 | _cRUA | ||
| 082 | _aRUB SOK 2015 B476 Or.1 | ||
| 100 | _aSOK CHANTON; សុខ ចន្ថន | ||
| 245 | _aGrowth and latex yield on 4 rubber clones in swift resources (cambodia) limited, ការលូតលាស់និងទិន្នផលជ័រកៅស៊ូចំនួន ៤ក្លូន នៅក្នុងក្រុមហ៊ុនស្វីហ្វរីសស៏ (ខេមបូឌា) លីមីធីត | ||
| 260 |
_aRUA _bSOK _c2015 |
||
| 300 |
_axi,53p. _bill. _c29cm. |
||
| 856 | _u SOK CHANTON | ||
| 942 | _cRUB | ||
| 999 |
_c10437 _d10437 |
||